000 00613nam a2200229Ia 4500
003 OSt
005 20221007062657.0
006 a|||||r|||| 00| 0
007 ta
008 221006b |||||||| |||| 00| 0 eng d
024 _a29,557
037 _cTextual
040 _aFLL
_cFLL
_beng
041 _2eng
_aeng
082 _aV8:Z:9Z, L2;2
100 _aLane P.H.
_9683190
245 0 _aAustralian constitutional law
260 _aAustralia
_bThe Law Book Company Ltd. Australia
_c1972
300 _axx,317p
_ccm.
942 _hV8:Z:9Z, L2;2
_cTEXL
_2CC
999 _c1129279
_d1129279